000
00246nam a22001097a 4500
999
_c
260952
_d
260951
020
_a
9780064450782
100
_a
Aliki Brandenberg
245
_a
Digging Up Dinosaurs
260
_a
New York
_b
HarperCollins
_c
1988
300
_a
32 pgs
942
_c
BK